Малая медицинская энциклопедия. Т. 3: Лабиринтит - Нефротический синдром (Запись № 9564191)

Подробности
000 -МАРКЕР
контрольное поле 01020nam2a22002411 4500
001 - ИДЕНТИФИКАТОР ЗАПИСИ
контрольное поле rc\151656
005 - ИДЕНТИФИКАТОР ВЕРСИИ
контрольное поле 20250612172128.0
010 ## - МЕЖДУНАРОДНЫЙ СТАНДАРТНЫЙ НОМЕР КНИГИ (ISBN)
Номер (ISBN) 5-85270-059-2
Тираж 150000
035 ## - ДРУГИЕ СИСТЕМНЫЕ НОМЕРА
Идентификатор записи (NLR Aleph) 008749854
100 ## - ДАННЫЕ ОБЩЕЙ ОБРАБОТКИ
Данные общей обработки 20030307d1992 |||y0rusy50 ca
101 0# - ЯЗЫК РЕСУРСА
Язык текста, звукозаписи и т.д. русский
102 ## - СТРАНА ПУБЛИКАЦИИ ИЛИ ПРОИЗВОДСТВА
Страна публикации Российская Федерация
105 ## - ПОЛЕ КОДИРОВАННЫХ ДАННЫХ: ТЕКСТОВЫЕ МАТЕРИАЛЫ, МОНОГРАФИЧЕСКИЕ
Кодированные данные о монографическом текстовом документе a |||||||||
200 1# - ЗАГЛАВИЕ И СВЕДЕНИЯ ОБ ОТВЕТСТВЕННОСТИ
Основное заглавие Лабиринтит - Нефротический синдром
210 ## - ПУБЛИКАЦИЯ, РАСПРОСТРАНЕНИЕ И ДР.
Имя издателя, распространителя и т. д. Большая рос. энцикл.
Дата издания, распространения и т.д. 1992
Место издания, распространения и т.д. Б. м.
215 ## - ФИЗИЧЕСКАЯ ХАРАКТЕРИСТИКА
Специфическое обозначение материала и объем 607, [1] с.
Другие сведения о физической характеристике ил.
461 #0 - УРОВЕНЬ НАБОРА
Встроенное поле 001rc\151653
-- 2001#$aМалая медицинская энциклопедия$e[В 6 т.]$fГл. ред. акад. АМН СССР В.И. Покровский$vТ. 3
Системный номер (АБИС) связанной записи 7880328
Место публикации М.
Дата публикации 1991
Первые сведения об ответственности Гл. ред. акад. АМН СССР В.И. Покровский
Имя издателя, распространителя и т.д. Сов. энциклопедия
Сведения, относящиеся к заглавию [В 6 т.]
Заглавие Малая медицинская энциклопедия
Номер тома Т. 3
801 #0 - ИСТОЧНИК ЗАПИСИ
Страна Российская Федерация
Организация NLR
Правила каталогизации psbo
801 #1 - ИСТОЧНИК ЗАПИСИ
Страна Российская Федерация
Организация ELAR
Источник данных rusmarc
852 ## - МЕСТОНАХОЖДЕНИЕ И ШИФР ХРАНЕНИЯ
Идентификатор организации NLR
Наименование фонда или коллекции (Sub-Location Identifier) С
Шифр хранения (Call Number) К-4/462
942 ## - ДОПОЛНИТЕЛЬНЫЕ ЭЛЕМЕНТЫ ЗАПИСИ (АБИС)
Тип экземпляра АБИС Книга
980 ## - КОЛЛЕКЦИЯ
Название коллекции Национальная библиография
Экземпляры
Тип экземпляра Дата поступления Библиотека постоянного хранения Библиотека текущего хранения Место хранения Шифр хранения Штрих-код Статус экземпляра Источник поступления
Книга 26.10.2013 РНБ (Московский) РНБ (Московский) Центральная справочная библиотека С К-4/462 1-2088210    
Книга 28.08.2014 РНБ (Московский) РНБ (Московский) Фонд общего зала литературы по биологии и медицине М1 Р/М-183 1-628304   Покупка
Книга 05.12.2017 РНБ (Московский) РНБ (Московский) Центральная справочная библиотека С К-4/462 1-2088212    
Книга 05.12.2017 РНБ (Московский) РНБ (Московский) Подручный фонд ЦСБ С К-4/462 1-2088211    
Книга 11.02.2014 РНБ (Садовая) РНБ (Садовая) Фонд научного зала литературы по биологии и медицине Нз Р.я20/М-183 1-332412